Généalogie en Terre du Milieu - Statistiques

Statistiques générales
  • Ce quiz a été pris 266 fois
  • Le résultat moyen est 14 sur 20
Statistiques - réponses
Comment se nomme... Personnage % Correct
...l' "oncle" de Frodon Sacquet? Bilbon Sacquet / Bilbo Bessac
91%
...le frère de Boromir? Faramir
88%
...la fille d'Elrond? Arwen
87%
...le cousin de Merry? Peregrin 'Pippin' Touc / Touque
83%
...le fils de Glóin? Gimli
82%
...le père d'Aragorn? Arathorn
81%
...le frère de Kíli? Fíli
78%
...le disciple de Morgoth? Sauron
77%
...la soeur d'Éomer? Éowyn
76%
...l'épouse de Celeborn? Galadriel
72%
...le petit-fils de Thrór? Thorin II
72%
...le père de Legolas? Thranduil
72%
...le fils de Théoden? Théodred
66%
...la femme de Sam Gamegie? Rosie Chaumine / Rose Casebonne
64%
...le frère de Bombur? Bofur
61%
...le descendant de Girion de Dale? Bard l'Archer
50%
...le fils d'Azog? Bolg
50%
...le père d'Isildur? Elendil
39%
...la mère d'Arachne / Araigne? Ungoliant
38%
...l'époux de Baie d'Or? Tom Bombadil
35%
Aucun quiz correspondant
Distribution des résultats
% des personnes avec chaque résultat
Percentile par nombre de réponses
Votre historique - résultats
Vous n’avez pas pris ce quiz